Loading...
Science - Physics | 1 | 6 | 0 | 0 | 75 | 61 | 92.86 | 3 | 6 |
Science - Chemistry | 0 | 5 | 0 | 0 | 50 | 74 | 100.80 | 1 | 4 |
Fine Arts - Other Fine Arts | 0 | 5 | 1 | 1 | 45 | 86 | 101.80 | 3 | 5 |
Literature - Poetry | 1 | 2 | 0 | 0 | 35 | 63 | 94.00 | 1 | 3 |
Fine Arts - Classical Music | 1 | 2 | 0 | 0 | 35 | 55 | 81.33 | 1 | 2 |
Science - Other Science | 1 | 2 | 1 | 0 | 30 | 51 | 79.00 | 1 | 2 |
Social Science | 0 | 2 | 0 | 0 | 20 | 88 | 94.50 | 0 | 1 |
Other Academic | 0 | 2 | 0 | 1 | 20 | 135 | 142.50 | 0 | 0 |
Fine Arts - Painting and Sculpture | 1 | 0 | 0 | 0 | 15 | 49 | 49.00 | 0 | 0 |
Philosophy | 1 | 0 | 0 | 0 | 15 | 61 | 61.00 | 0 | 1 |
History - European History | 1 | 0 | 0 | 0 | 15 | 65 | 65.00 | 1 | 1 |
Literature - Long Fiction | 0 | 1 | 0 | 0 | 10 | 128 | 128.00 | 0 | 0 |
Literature - Short Fiction | 0 | 1 | 0 | 0 | 10 | 147 | 147.00 | 0 | 0 |
Science - Math | 0 | 1 | 0 | 0 | 10 | 127 | 127.00 | 0 | 1 |
History - Other History | 0 | 1 | 0 | 0 | 10 | 116 | 116.00 | 0 | 0 |
Current Events | 0 | 1 | 1 | 1 | 5 | 126 | 126.00 | 0 | 0 |
Geography | 0 | 1 | 1 | 0 | 5 | 104 | 104.00 | 0 | 1 |
Religion | 0 | 0 | 1 | 0 | -5 | 0.00 | 0 | 0 | |
History - American History | 0 | 0 | 1 | 0 | -5 | 0.00 | 0 | 0 |